000 002560000a22000970004500
100 1 _aBarajas, Giraldo
245 1 0 _aEcumenismo en el beneficio de la comunidad
300 _aVol. 13, (2003), Páginas 26
773 0 _tLa Voz Luterana de Colombia
942 _cANA
999 _c51814
_d51814